Themes in Development Economics/ (Record no. 202776)

MARC details
000 -LEADER
fixed length control field 00559 a2200193 4500
005 - DATE AND TIME OF LATEST TRANSACTION
control field 20240509131126.0
010 ## - LCCN (DPL NO)
LC control number B-758879
020 ## - INTERNATIONAL STANDARD BOOK NUMBER
International Standard Book Number 0195630300
Terms of availability 0.00
035 ## - SYSTEM CONTROL NUMBER
System control number B-758879
037 ## - SOURCE OF ACQUISITION
Source of stock number/acquisition Gift/Unesco
082 ## - DEWEY DECIMAL CLASSIFICATION NUMBER
Classification number 330
245 ## - TITLE STATEMENT
Title Themes in Development Economics/
Statement of responsibility, etc Edited by- S. Subramanian
260 ## - PUBLICATION, DISTRIBUTION, ETC. (IMPRINT)
Place of publication, distribution, etc New Yourk
Name of publisher, distributor, etc Oxford
Date of publication, distribution, etc 1992
270 ## - ADDRESS
Address New Yourk
300 ## - PHYSICAL DESCRIPTION
Extent ix, 358 p.;
Dimensions 23cm (Hb)
700 ## - ADDED ENTRY--PERSONAL NAME
Personal name Subramanian, S.
9 (RLIN) 66032
942 ## - ADDED ENTRY ELEMENTS (KOHA)
Institution code [OBSOLETE] dpl
Item type English Books
Source of classification or shelving scheme Dewey Decimal Classification
Classification part 330
Call number suffix THE
Holdings
Withdrawn status Lost status Not for loan Collection code Home library Current library Date acquired Source of acquisition Cost, normal purchase price Full call number Barcode Copy number Cost, replacement price Koha item type Public note
      Non-fiction Bawana Bawana 09/05/2024 Gift/29.4.24 0.00 330 THE B-758879 1 0.00 English Books Gift

© Delhi Public Library
Hit Counter
free hit counter